| 000 | 00682cam a2200217 4500 | ||
|---|---|---|---|
| 001 | WB3603-26 | ||
| 008 | 000000n2000 000 0 eng u | ||
| 035 | _a(Sirsi) u103683 | ||
| 245 | _aOpenness on property prices | ||
| 260 | _c2000 | ||
| 490 |
_aRICS Press Release _v(7) 14 January 2000 (1) |
||
| 520 | _aThe RICS has welcomed the Government decision to make information on the price paid for property available via the Land Registry. | ||
| 590 | _aWB | ||
| 650 | _aHM LAND REGISTRY | ||
| 650 | _aRICS | ||
| 650 | _aPRICE PAID INFORMATION | ||
| 650 | _aPROPERTY PRICES | ||
| 650 | _aDISCLOSURE OF INFORMATION | ||
| 690 | _aPROPERTY AND LAND LAW-AGENCY | ||
| 942 | _n0 | ||
| 999 |
_c62260 _d62260 |
||